000 00887nas a2200277 4500
001 BR2010005652
003 BR-BrBNA
005 20231205114823.0
007 ta
008 230509b bl.|||p| |||| 00| 00por d
040 _aBR-BrBNA
_bpor
_cBiblioteca Nacional de Agricultura
041 _a(En)
072 _aL73
100 1 _aSilva, D.G.
100 1 _aSilva, P.R.L.
100 1 _aFagliari, J.J.
245 1 _aEfficacy of florfenicol and intravenous fluid therapy for treatment of experimental salmonellosis in newborn calves
650 _aGADO HOLANDÊS
650 _aSALMONELOSE
650 _aBEZERRO
650 _aDOENÇA ANIMAL
650 _aPROFILAXIA
773 0 _tArquivo Brasileiro de Medicina Veterinária e Zootecnia (Brazil)
_xISSN 0102-0935
_g(Jun 2010), v. 62(3) p. 499-503
_wBR2010005652
909 _a202311
_bLúcia
_c55
_dLúcia Elande
942 _2AGRIS
_n0
_cANA
999 _c210663
_d210663